Central Library OPAC University of Rajshahi

نئے تناظر = Nai Tanazur / (Record no. 85635)

MARC details
000 -LEADER
fixed length control field 01144cam a22003135i 4500
001 - CONTROL NUMBER
control field 85635
003 - CONTROL NUMBER IDENTIFIER
rucl marc code BD-RjUL
005 - DATE AND TIME OF LATEST TRANSACTION
control field 20250904094601.0
008 - FIXED-LENGTH DATA ELEMENTS--GENERAL INFORMATION
fixed length control field 250903s1979 pk b 000 0 urd
020 ## - INTERNATIONAL STANDARD BOOK NUMBER
Terms of availability :Tk. 25.00
035 ## - SYSTEM CONTROL NUMBER
System control number (BD-RjUL)85635
040 ## - CATALOGING SOURCE
Original cataloging agency DLC
Language of cataloging eng
Description conventions rda
Transcribing agency DLC
041 ## - LANGUAGE CODE
Language code of text/sound track or separate title eng
082 ## - DEWEY DECIMAL CLASSIFICATION NUMBER
Edition number 23
Classification number 891.43914
Author mark and year AGN 1979
100 1# - MAIN ENTRY--PERSONAL NAME
Personal name Āṣif, Muḥammad,
9 (RLIN) 16767
245 10 - TITLE STATEMENT
Title نئے تناظر = Nai Tanazur /
Statement of responsibility, etc. وزیر اغآ = by Wazir Agha
264 #1 - PRODUCTION, PUBLICATION, DISTRIBUTION, MANUFACTURE, AND COPYRIGHT NOTICE
Place of production, publication, distribution, manufacture Allahabad :
Name of producer, publisher, distributor, manufacturer Urdu Writers Guild,,
Date of production, publication, distribution, manufacture, or copyright notice 1979
300 ## - PHYSICAL DESCRIPTION
Pagination 299 pages ;
Size 22 cm
336 ## - CONTENT TYPE
Content type term text
Content type code txt
Source rdacontent
337 ## - MEDIA TYPE
Media type term unmediated
Media type code n
Source rdamedia
338 ## - CARRIER TYPE
Carrier type term volume
Carrier type code nc
Source rdacarrier
504 ## - BIBLIOGRAPHY, ETC. NOTE
Bibliography, etc Includes bibliographical references.
520 ## - SUMMARY, ETC.
Summary, etc. Research study on clashes between Islamic and Western civilizations in the light of Sir Muḥammad Iqbal's philosophy, national poet and philosopher.
600 10 - SUBJECT ADDED ENTRY--PERSONAL NAME
Personal name Majīd Amjad,
Dates associated with a name 1914-1974
650 ## - SUBJECT ADDED ENTRY--TOPICAL TERM
Topical term or geographic name as entry element Urdu literature — Criticism & interpretation
9 (RLIN) 16769
710 2# - ADDED ENTRY--CORPORATE NAME
Corporate name or jurisdiction name as entry element Idārah-yi S̲aqāfat-i Islāmiyah (Lahore, Pakistan)
9 (RLIN) 16770
942 ## - ADDED ENTRY ELEMENTS (KOHA)
Source of classification or shelving scheme Dewey Decimal Classification
Koha item type Books
Holdings
Lost status Source of classification or shelving scheme Damaged status Not for loan Collection code Permanent Location Current Location Shelving location Date acquired Source of acquisition Cost, normal purchase price Total Checkouts Full call number Date last seen Copy number Koha item type
  Dewey Decimal Classification   Not For Loan Non-fiction Central Library, University of Rajshahi Central Library, University of Rajshahi Reading Room 24/08/1982 India Intternational 30.00   U 891.43914 AGN 1979 04/09/2025 C-1 Books